OPAC Home

බුද්ධි වර්ධනය (Record no. 103972)

MARC details
000 -LEADER
fixed length control field 00497nam a2200193Ia 4500
003 - CONTROL NUMBER IDENTIFIER
control field LK-CoDNM
008 - FIXED-LENGTH DATA ELEMENTS--GENERAL INFORMATION
fixed length control field 010623t1955 xxu||||| |||| 00| 1 sin d
040 ## - CATALOGING SOURCE
Original cataloging agency LK-CoDNM
Modifying agency LK-CoDNM
Description conventions LK-CoDNM
041 ## - LANGUAGE CODE
Language code of text/sound track or separate title Sinhala; Sinhalese
080 ## - UNIVERSAL DECIMAL CLASSIFICATION NUMBER
Universal Decimal Classification number 159.9 OVE
942 ## - ADDED ENTRY ELEMENTS (KOHA)
Koha item type Books
100 ## - MAIN ENTRY--PERSONAL NAME
Personal name Kapuge,Adwin Heva.
700 ## - ADDED ENTRY--PERSONAL NAME
Personal name Overstreet,H.A.
245 ## - TITLE STATEMENT
Title බුද්ධි වර්ධනය
246 ## - VARYING FORM OF TITLE
Title proper/short title Buddhi Vardanaya
260 ## - PUBLICATION, DISTRIBUTION, ETC. (IMPRINT)
Name of publisher, distributor, etc. Gunaratne
Place of publication, distribution, etc. Maradana
Date of publication, distribution, etc. 1955
300 ## - PHYSICAL DESCRIPTION
Other physical details 107p., 18 cm
650 ## - SUBJECT ADDED ENTRY--TOPICAL TERM
Topical term or geographic name as entry element Psycology

No items available.

Copyright © 2023 Department of National Museum, Colombo 07, Sri Lanka Funded by UNESCO IFAP UNESCO